[Event "2nd Sanjin Hotel Cup"]
[Site "Tiayuan CHN"]
[Date "2005.07.12"]
[Round "4"]
[White "Ni Hua"]
[Black "Karjakin,Sergey"]
[Result "0-1"]
[WhiteElo "2629"]
[BlackElo "2645"]

1.e4 e5 2.Nf3 Nc6 3.Bb5 Nf6 4.O-O Nxe4 5.Re1 Nd6 6.Nxe5 Be7 7.Bd3 Nxe5 8.Rxe5 O-O
9.Nc3 c6 10.b3 Ne8 11.Qf3 d5 12.Bb2 Bf6 13.Re2 Nd6 14.Ba3 Be7 15.Qf4 Be6
16.Rae1 Qd7 17.Re5 b6 18.R1e3 Rfe8 19.Bb2 Bf8 20.Rh5 f5 21.Reh3 h6 22.Rg3 Nf7
23.Ne2 c5 24.Bf6 c4 25.Qd4 f4 26.Nxf4 cxd3 27.Nxd3 Nd6 28.Ne5 Qc7 29.Qf4 Qxc2
30.h3 Qd1+ 31.Kh2 Qxh5 32.Rg6 Kh7 33.g4 Bxg4 34.Rxg4 Qf5  0-1

[Event "2nd Sanjin Hotel Cup"]
[Site "Tiayuan CHN"]
[Date "2005.07.14"]
[Round "6"]
[White "Ni Hua"]
[Black "Zhao Xue"]
[Result "1-0"]
[WhiteElo "2629"]
[BlackElo "2470"]

1.e4 e5 2.Nf3 Nc6 3.Bb5 a6 4.Bxc6 dxc6 5.O-O f6 6.d4 Bg4 7.c3 Bd6 8.Be3 Ne7
9.h3 Be6 10.Nbd2 Ng6 11.Qe2 Qe7 12.a4 a5 13.c4 Bb4 14.d5 Bf7 15.Ne1 Nf4 16.Bxf4 exf4
17.dxc6 bxc6 18.Nd3 O-O 19.b3 Bxd2 20.Qxd2 Qxe4 21.Rfe1 Qd4 22.Rad1 g5 23.Qe2 Qc3
24.Rc1 Qd4 25.Rcd1 Rae8 26.Qf3 Rxe1+ 27.Nxe1 Qb2 28.Qxc6 Qxb3 29.Rd7 Qc3
30.Nf3 Rb8 31.Kh2 Re8 32.Nd4 Qxc4 33.Qxf6  1-0

[Event "2nd Sanjin Hotel Cup"]
[Site "Tiayuan CHN"]
[Date "2005.07.19"]
[Round "10"]
[White "Ni Hua"]
[Black "Harikrishna,P"]
[Result "1/2-1/2"]
[WhiteElo "2629"]
[BlackElo "2645"]

1.d4 d5 2.c4 c6 3.cxd5 cxd5 4.Nc3 Nf6 5.Bf4 Nc6 6.e3 a6 7.Bd3 Bg4 8.Nge2 e6
9.f3 Bh5 10.Rc1 Bd6 11.Bxd6 Qxd6 12.Nf4 Bg6 13.O-O Ke7 14.Qd2 Rac8 15.Na4 Qb4
16.Nc3 Qd6 17.Na4 Qb4 18.Nc3 Qd6 19.Na4 Qb4  1/2-1/2

[Event "5th ch-Asian"]
[Site "Hyderabad IND"]
[Date "2005.10.08"]
[Round "3"]
[White "Ni Hua"]
[Black "Filippov,An UZB"]
[Result "1-0"]
[WhiteElo "2603"]
[BlackElo "2478"]

1.e4 d5 2.exd5 Qxd5 3.Nc3 Qa5 4.d4 Nf6 5.Bc4 c6 6.Bd2 Qc7 7.Nf3 e6 8.Qe2 Nbd7
9.O-O-O Be7 10.h4 b5 11.Bd3 b4 12.Ne4 Nd5 13.Kb1 a5 14.Rh3 N7f6 15.Ne5 h6
16.g4 Qb6 17.Qf3 Bb7 18.Nc4 Qc7 19.Nc5 O-O-O 20.Nxb7 Kxb7 21.Be2 Rdf8 22.a3 Nd7
23.Qb3 Ra8 24.a4 Bf6 25.c3 Rhb8 26.cxb4 axb4 27.Rd3 Bxh4 28.f4 Be7 29.Rc1 Kc8
30.Bf3 Kd8 31.Ne5 Nxe5 32.dxe5 Qb7 33.Qc2 Rc8 34.b3 Ra5 35.Rd4 Ke8 36.Rc4 Ra6
37.Qh7 Bf8 38.f5 Qd7 39.Be4 c5 40.fxe6 Rxe6 41.Bf5 Nb6 42.R4c2 g6 43.Bxh6 Bxh6
44.Qxh6 gxf5 45.Qh8+ Ke7 46.Qh4+ Ke8 47.gxf5 Rec6 48.Qh8+ Ke7 49.f6+ Ke6
50.Qh3+ Kxe5 51.Re1+ Kd6 52.Qg3+  1-0

[Event "5th ch-Asian"]
[Site "Hyderabad IND"]
[Date "2005.10.09"]
[Round "4"]
[White "Neelotpal,D"]
[Black "Ni Hua"]
[Result "1/2-1/2"]
[WhiteElo "2509"]
[BlackElo "2603"]

1.e4 c5 2.Nf3 d6 3.d4 cxd4 4.Nxd4 Nf6 5.Nc3 a6 6.Be3 e5 7.Nf3 Qc7 8.a4 Be7
9.a5 Be6 10.Ng5 Bd7 11.h3 h6 12.Nf3 Be6 13.Nd5 Bxd5 14.exd5 O-O 15.Be2 Nbd7
16.c4 Nh7 17.O-O f5 18.Qc2 Qd8 19.b4 Rc8 20.Rfd1 Ng5 21.Nxg5 Bxg5 22.Bxg5 Qxg5
23.Ra3 e4 24.c5 dxc5 25.Rc3 c4 26.d6 Ne5  1/2-1/2

[Event "5th ch-Asian"]
[Site "Hyderabad IND"]
[Date "2005.10.10"]
[Round "5"]
[White "Ni Hua"]
[Black "Zhao Jun"]
[Result "1-0"]
[WhiteElo "2603"]
[BlackElo "2500"]

1.e4 c5 2.Nf3 Nc6 3.d4 cxd4 4.Nxd4 Nf6 5.Nc3 e5 6.Ndb5 d6 7.Bg5 a6 8.Na3 b5
9.Bxf6 gxf6 10.Nd5 f5 11.g3 fxe4 12.Bg2 Be6 13.Bxe4 Bg7 14.Qh5 Rc8 15.Rd1 Ne7
16.c3 Rc5 17.Nb4 Qb6 18.Qg5 Kf8 19.Qe3 f5 20.Bg2 e4 21.Nac2 a5 22.Nd4 Bf7
23.Nbc2 b4 24.cxb4 axb4 25.O-O d5 26.Nb3 Rc6 27.Ncd4 Bh6 28.f4 Bg7 29.Bh3 Bg6
30.g4 fxg4 31.Bxg4 Bf7 32.Kh1 h5 33.Bd7 Rd6 34.f5 Bh6 35.Qh3 Rxd7 36.f6 Qd6
37.Nc5 Ke8 38.fxe7 Qxc5 39.Rxf7 Rxe7 40.Rxe7+ Qxe7 41.Qc8+ Qd8 42.Qe6+ Qe7
43.Qxd5 e3 44.Qxh5+ Kf8 45.Rf1+  1-0

[Event "5th ch-Asian"]
[Site "Hyderabad IND"]
[Date "2005.10.14"]
[Round "8"]
[White "Koneru,H"]
[Black "Ni Hua"]
[Result "0-1"]
[WhiteElo "2540"]
[BlackElo "2603"]

1.d4 Nf6 2.c4 g6 3.Nf3 Bg7 4.Qc2 c5 5.d5 b5 6.e4 bxc4 7.Bxc4 d6 8.O-O O-O
9.Nc3 Nbd7 10.Re1 Qa5 11.Bd2 Ng4 12.Bf1 Nge5 13.Nxe5 Nxe5 14.Na4 Qd8 15.Bc3 g5
16.b3 h6 17.Nb2 e6 18.dxe6 fxe6 19.Rad1 Qe7 20.Nc4 Nxc4 21.Bxc4 Bb7 22.b4 cxb4
23.Bxb4 Be5 24.Qb3 Rfe8 25.Qa3 Rec8 26.Qb3 Re8 27.Re2 a5 28.Bc3 Bxc3 29.Qxc3 Ba6
30.Bxa6 Rxa6 31.Qd3 Raa8 32.Red2 Rad8 33.Qa3 Qc7 34.h4 gxh4 35.Rxd6 Rxd6
36.Rxd6 Qg7 37.Qxa5 h3 38.g3 Qa1+ 39.Kh2 Qf1  0-1

[Event "VII Dos Hermanas Internet"]
[Site "ICC INT"]
[Date "2006.03.24"]
[Round "1.2"]
[White "Ni Hua"]
[Black "Jaracz,P"]
[Result "1-0"]
[WhiteElo "2614"]
[BlackElo "2486"]

1.e4 c6 2.d4 d5 3.e5 Bf5 4.Nf3 e6 5.Be2 Nd7 6.O-O Bg6 7.Nbd2 Nh6 8.c3 Nf5
9.Re1 Be7 10.Nf1 O-O 11.Ng3 c5 12.Bd3 Nxg3 13.hxg3 cxd4 14.Bxg6 fxg6 15.Nxd4 Qb6
16.Be3 Bc5 17.b4 Bxd4 18.Bxd4 Qc6 19.a4 a6 20.g4 Qc7 21.g3 Nb8 22.Bc5 Rf7
23.a5 Nd7 24.Bd4 g5 25.Qd2 h6 26.f4 gxf4 27.gxf4 Raf8 28.Rf1 h5 29.gxh5 Rf5
30.Qh2 Kf7 31.Qg2 Rxh5 32.f5 Qd8 33.Qg6+  1-0

[Event "VII Dos Hermanas Internet"]
[Site "ICC INT"]
[Date "2006.03.24"]
[Round "1.1"]
[White "Jaracz,P"]
[Black "Ni Hua"]
[Result "0-1"]
[WhiteElo "2486"]
[BlackElo "2614"]

1.d4 d5 2.c4 c6 3.Nf3 Nf6 4.Nc3 dxc4 5.a4 Bf5 6.Ne5 Nbd7 7.Nxc4 Nb6 8.Ne3 Bg6
9.a5 Nbd7 10.g3 e5 11.dxe5 Nxe5 12.Qb3 Bc5 13.Bg2 O-O 14.O-O Qe7 15.Na4 Bb4
16.Nc3 Rad8 17.Nc2 Bc5 18.Na4 Bd6 19.Be3 a6 20.Bb6 Rde8 21.Rad1 Ned7 22.Be3 Ng4
23.Bf4 Bxf4 24.gxf4 Qh4 25.h3 Ngf6 26.Nd4 c5 27.Nf3 Qxf4 28.Qxb7 Qxa4 29.Qxa6 Ra8
30.Qd6 Rxa5 31.Rc1 Rb5 32.Ra1 Qb4 33.Ra7 Nb6 34.Ne5 Nc8  0-1

[Event "VII Dos Hermanas Internet"]
[Site "ICC INT"]
[Date "2006.03.24"]
[Round "1.3"]
[White "Jaracz,P"]
[Black "Ni Hua"]
[Result "0-1"]
[WhiteElo "2486"]
[BlackElo "2614"]

1.Nf3 c5 2.c4 Nc6 3.Nc3 e5 4.e3 Nf6 5.a3 d5 6.cxd5 Nxd5 7.Bb5 Nxc3 8.bxc3 Bd6
9.e4 O-O 10.O-O Na5 11.d3 a6 12.Ba4 b5 13.Bc2 f6 14.h3 Be6 15.d4 cxd4 16.cxd4 Nc4
17.d5 Bd7 18.Bd3 Qb6 19.Qe2 Rfc8 20.a4 Rab8 21.Rb1 Qa5 22.axb5 Bxb5 23.g4 Qc3
24.g5 Na3 25.Bxb5 Nxb1 26.Bd7 Qc4 27.Qd2 Nxd2  0-1

[Event "VII Dos Hermanas Internet"]
[Site "ICC INT"]
[Date "2006.03.25"]
[Round "4.4"]
[White "Ni Hua"]
[Black "Jobava,Ba"]
[Result "1-0"]
[WhiteElo "2614"]
[BlackElo "2614"]

1.e4 c5 2.Nf3 d6 3.d4 Nf6 4.Nc3 cxd4 5.Nxd4 a6 6.Be3 Ng4 7.Bg5 Nc6 8.h3 Qa5
9.Bh4 Nf6 10.Bxf6 gxf6 11.Nb3 Qe5 12.Bd3 f5 13.O-O f4 14.Nd5 Rg8 15.Kh1 Kd8
16.Nb6 Rb8 17.Nxc8 Rxc8 18.c3 Qg5 19.Rg1 Ne5 20.Nd4 Qh4 21.Rf1 e6 22.Nf3 Nxf3
23.Qxf3 Rc5 24.e5 Rxe5 25.Qxb7 Rh5 26.Qf3 d5 27.c4 Rhg5 28.Rg1 Bc5 29.Raf1 f5
30.cxd5 e5 31.Bxf5 Rxf5 32.d6 Kd7 33.Qb7+ Kxd6 34.Rd1+ Bd4 35.Rc1 Bc5 36.Rcd1+ Ke6
37.Qc6+ Kf7 38.Qxc5 Kg6 39.Rd6+ Kh5 40.Qc7 h6 41.Qh7 Qg5 42.Rxh6+ Qxh6 43.Qxf5+ Rg5
44.Qc8 Qg7 45.Qxa6 e4 46.Qe2+ f3 47.Qxe4 Kh6 48.Qxf3 Qxb2 49.g3 Qxa2 50.Kg2 Qg8
51.Re1 Rg6 52.Re4 Qd8 53.Rg4 Rf6 54.Qe3+ Kh7 55.Qe4+ Kh6 56.Qe3+ Kh7 57.Qe4+ Kh8
58.Qe5 Qa8+ 59.Kh2  1-0

[Event "VII Dos Hermanas Internet"]
[Site "ICC INT"]
[Date "2006.03.25"]
[Round "5.5"]
[White "Doettling,F"]
[Black "Ni Hua"]
[Result "0-1"]
[WhiteElo "2542"]
[BlackElo "2614"]

1.d4 d5 2.Nf3 Nf6 3.c4 c6 4.e3 a6 5.Bd3 Bg4 6.Nbd2 e6 7.O-O Nbd7 8.b3 Bf5
9.Qc2 Bxd3 10.Qxd3 Be7 11.Rd1 O-O 12.e4 dxe4 13.Nxe4 Nxe4 14.Qxe4 a5 15.a4 Qb6
16.Rb1 Rad8 17.Be3 Nf6 18.Qc2 Qc7 19.h3 Rfe8 20.Rd3 h6 21.Rbd1 Bb4 22.Ne5 Bd6
23.Bf4 Nh5 24.Bh2 Qe7 25.Qe2 Nf6 26.Bf4 Kh8 27.Bg3 Kg8 28.Bh4 g5 29.Bg3 Nd7
30.Qh5 Bxe5 31.dxe5 Nc5 32.Rxd8 Rxd8 33.Rxd8+ Qxd8 34.Qxh6 Nxb3 35.h4 Nc5
36.hxg5 Qd3 37.Qf6 Nxa4 38.g6 Qb1+ 39.Kh2 Qxg6 40.Qd8+ Kg7 41.Bh4 Qh5 42.f4 Nc5
43.Kh3 Ne4 44.g4 Qh6 45.g5 Qh5 46.Qd3 Nf2+  0-1

[Event "VII Dos Hermanas Internet"]
[Site "ICC INT"]
[Date "2006.03.25"]
[Round "5.3"]
[White "Doettling,F"]
[Black "Ni Hua"]
[Result "0-1"]
[WhiteElo "2542"]
[BlackElo "2614"]

1.d4 d5 2.Nf3 Nf6 3.c4 c6 4.cxd5 cxd5 5.Nc3 Nc6 6.Bf4 a6 7.Rc1 Ne4 8.a3 Bf5
9.Qb3 Nxc3 10.Rxc3 Na5 11.Qd1 Nc6 12.e3 e6 13.Qb3 Na5 14.Qa4+ b5 15.Qd1 Nc4
16.Bxc4 dxc4 17.O-O Be7 18.Ne5 Rc8 19.Qf3 Qd5 20.Qd1 f6 21.Nf3 O-O 22.Rc1 a5
23.Re1 b4 24.axb4 axb4 25.Nd2 Bd3 26.Nb1 e5 27.dxe5 fxe5 28.Bg3 e4 29.Qd2 Qb5
30.Rcd1 Bf6 31.Bd6 c3 32.bxc3 bxc3 33.Qa2+ Rf7 34.Qe6 Qd7  0-1

[Event "VII Dos Hermanas Internet"]
[Site "ICC INT"]
[Date "2006.03.25"]
[Round "5.2"]
[White "Ni Hua"]
[Black "Doettling,F"]
[Result "1/2-1/2"]
[WhiteElo "2614"]
[BlackElo "2542"]

1.e4 c6 2.d4 d5 3.Nc3 dxe4 4.Nxe4 Bf5 5.Ng3 Bg6 6.h4 h6 7.Nf3 Nd7 8.h5 Bh7
9.Bd3 Bxd3 10.Qxd3 e6 11.Bd2 Ngf6 12.O-O-O Be7 13.Kb1 O-O 14.Qe2 Qb6 15.c4 Rfe8
16.Bc3 Bb4 17.Bxb4 Qxb4 18.Ne5 Rad8 19.a3 Qa5 20.f4 c5 21.Rd2 cxd4 22.Rhd1 Nxe5
23.fxe5 Nd7 24.Rxd4 Nb8 25.b4 Qc7 26.Rd6 Rc8 27.R1d4 Nc6 28.Rd2 Ne7 29.Rd7 Qc6
30.R2d6 Qa4 31.Kb2 a5 32.Qd1 Qxd1 33.Rxd1 axb4 34.Ne4 bxa3+ 35.Kxa3 Nc6 36.c5 Ra8+
37.Kb3 Ra7 38.Nd6 Rea8 39.Nc4 Na5+ 40.Nxa5 Rxa5 41.Rd8+ Rxd8 42.Rxd8+ Kh7
43.Kc4 Ra2 44.Rd7 Rc2+ 45.Kb5 Rb2+ 46.Ka5 Kg8 47.Rd8+ Kh7 48.Rd7 Kg8 49.Rd8+ Kh7
50.Rd7 Kg8  1/2-1/2

[Event "VII Dos Hermanas Internet"]
[Site "ICC INT"]
[Date "2006.03.25"]
[Round "5.1"]
[White "Doettling,F"]
[Black "Ni Hua"]
[Result "1/2-1/2"]
[WhiteElo "2542"]
[BlackElo "2614"]

1.d4 Nf6 2.Nf3 g6 3.c4 Bg7 4.Nc3 d5 5.cxd5 Nxd5 6.e4 Nxc3 7.bxc3 c5 8.Bb5+ Bd7
9.Bxd7+ Qxd7 10.O-O O-O 11.Be3 cxd4 12.cxd4 Nc6 13.Rb1 b6 14.Qe2 Rac8 15.Rfd1 e6
16.h3 Na5 17.Ne5 Qa4 18.Rd2 Bxe5 19.dxe5 Qxe4 20.Rbd1 Qxe5 21.Qa6 Nc4 22.Qxc8 Nxd2
23.Qd7 Ne4 24.Bh6 Qf6 25.Qd4 Rb8 26.Qxe4 g5 27.Bxg5 Qxg5 28.Rd3 Qf5 29.Rg3+ Kh8
30.Qd4+ e5 31.Qd6 Rg8 32.Rxg8+ Kxg8 33.Qb8+ Kg7 34.Qxa7 Qe6 35.a4  1/2-1/2

[Event "ch-CHN"]
[Site "Wuxi CHN"]
[Date "2006.06.25"]
[Round "1"]
[White "Ni Hua"]
[Black "Bu Xiangzhi"]
[Result "1-0"]
[WhiteElo "2607"]
[BlackElo "2640"]

1.e4 c5 2.Nf3 d6 3.d4 cxd4 4.Nxd4 Nf6 5.Nc3 a6 6.Be3 e5 7.Nb3 Be6 8.Qd2 Nbd7
9.f4 Qc7 10.O-O-O Be7 11.f5 Bc4 12.h3 b5 13.g4 h6 14.Kb1 Rc8 15.a3 Bxf1 16.Rhxf1 Qc6
17.Qg2 a5 18.h4 Qb7 19.g5 hxg5 20.hxg5 Rxc3 21.gxf6 Rxe3 22.fxe7 Qxe4 23.Qxe4 Rxe4
24.Rxd6 Reh4 25.Rfd1 Nb8 26.Rb6 Kxe7 27.Rd5 Rc8 28.Rxe5+ Kf8 29.Rexb5 Nd7
30.Rb7 Nf6 31.Rxa5 Rh1+ 32.Ka2 Rxc2 33.Nd4 Rc4 34.Ra8+ Ne8 35.Nb5 Rc6 36.Rd7  1-0

[Event "ch-CHN"]
[Site "Wuxi CHN"]
[Date "2006.06.30"]
[Round "6"]
[White "Ni Hua"]
[Black "Zhao Jun"]
[Result "1/2-1/2"]
[WhiteElo "2607"]
[BlackElo "2525"]

1.e4 c5 2.Nf3 Nc6 3.c3 Nf6 4.e5 Nd5 5.Bc4 Nb6 6.Bb3 d5 7.exd6 Qxd6 8.Na3 a6
9.O-O Bf5 10.d4 cxd4 11.Nxd4 Nxd4 12.cxd4 e6 13.Qf3 Qc6 14.Qxc6+ bxc6 15.Nc4 Nxc4
16.Bxc4 Bd6 17.Be3 Kd7 18.f3 h5 19.h3 a5 20.b3 f6 21.Kf2 g5 22.Rh1 g4 23.hxg4 hxg4
24.fxg4 Bxg4 25.Rac1 Bf5 26.Be2 Be4 27.Bf3 Bd5 28.Bd2 Bc7 29.Ke3 Bb6 30.Kd3 Rag8
31.a4 e5 32.dxe5 fxe5 33.Rxh8 Rxh8 34.Re1  1/2-1/2

[Event "ch-CHN"]
[Site "Wuxi CHN"]
[Date "2006.07.02"]
[Round "7"]
[White "Zhou Jianchao"]
[Black "Ni Hua"]
[Result "1/2-1/2"]
[WhiteElo "2525"]
[BlackElo "2607"]

1.c4 c5 2.Nf3 Nc6 3.d4 cxd4 4.Nxd4 g6 5.g3 Bg7 6.Nc2 Ne5 7.Nba3 Nf6 8.Bg2 O-O
9.O-O d6 10.b3 a6 11.Bb2 Qc7 12.Kh1 Rb8 13.Qd2 b6 14.Ne3 Bb7 15.Nd5 Qd8 16.e4  1/2-1/2

[Event "ch-CHN"]
[Site "Wuxi CHN"]
[Date "2006.07.04"]
[Round "9"]
[White "Xu Jun"]
[Black "Ni Hua"]
[Result "0-1"]
[WhiteElo "2591"]
[BlackElo "2607"]

1.d4 Nf6 2.Nf3 g6 3.c4 Bg7 4.Nc3 d5 5.cxd5 Nxd5 6.e4 Nxc3 7.bxc3 c5 8.Rb1 O-O
9.Be2 Nc6 10.d5 Ne5 11.Nxe5 Bxe5 12.Qd2 e6 13.f4 Bc7 14.O-O exd5 15.exd5 Ba5
16.d6 Rb8 17.Bf3 b5 18.Ba3 Bf5 19.Rbd1 c4 20.Rfe1 Bd3 21.Be4 Qf6 22.Rc1 Rfe8
23.Bxd3 Rxe1+ 24.Qxe1 cxd3 25.d7 Qc6 26.Qe5 Bc7 27.Qe7 Rd8 28.Bc5 Qxd7 29.Qf6 d2  0-1

[Event "ch-CHN"]
[Site "Wuxi CHN"]
[Date "2006.07.04"]
[Round "10"]
[White "Ni Hua"]
[Black "Li Shilong"]
[Result "1-0"]
[WhiteElo "2607"]
[BlackElo "2539"]

1.e4 e6 2.d4 d5 3.Nc3 Bb4 4.e5 Ne7 5.a3 Bxc3+ 6.bxc3 c5 7.a4 Qc7 8.Nf3 h6
9.Bb5+ Bd7 10.Bd3 Nbc6 11.O-O c4 12.Be2 f6 13.Re1 O-O-O 14.Ba3 Be8 15.Bf1 f5
16.Qb1 f4 17.a5 Nf5 18.Bc5 g5 19.Nd2 g4 20.Qa2 Bf7 21.Reb1 Kd7 22.Rb5 Rde8
23.Rab1 h5 24.Qa4 Kc8 25.Bxc4 dxc4 26.Qxc4 a6 27.R5b2 b5 28.axb6 Qb7 29.Bd6  1-0

[Event "GM Scheveningen"]
[Site "Taiyuan CHN"]
[Date "2006.07.12"]
[Round "3"]
[White "Asrian,K"]
[Black "Ni Hua"]
[Result "1/2-1/2"]
[WhiteElo "2635"]
[BlackElo "2607"]

1.e4 c5 2.Nf3 Nc6 3.d4 cxd4 4.Nxd4 Nf6 5.Nc3 e5 6.Ndb5 d6 7.Bg5 a6 8.Na3 b5
9.Nd5 Be7 10.Bxf6 Bxf6 11.c4 b4 12.Nc2 a5 13.Be2 O-O 14.O-O Bg5 15.Qd3 Be6
16.Rad1 Bxd5 17.cxd5 Nb8 18.Bg4 Na6 19.g3 Nc5 20.Qf3 Na4 21.Qb3 Nc5 22.Qf3 Qb6
23.h4 Bh6 24.Ne3 Bxe3 25.Qxe3 Qb5 26.Rfe1 Rfe8 27.h5 h6 28.Qe2 Qxe2 29.Rxe2 Ra7
30.Rc1 Rc7 31.Rc4 Kf8 32.Rec2 Ke7 33.Kf1 Rb8 34.Rc1 Rbb7 35.Ke2 Kd8 36.Kd2 Ke7  1/2-1/2

[Event "GM Scheveningen"]
[Site "Taiyuan CHN"]
[Date "2006.07.15"]
[Round "6"]
[White "Ni Hua"]
[Black "Timofeev,Arty"]
[Result "1/2-1/2"]
[WhiteElo "2607"]
[BlackElo "2657"]

1.e4 c5 2.Nf3 d6 3.d4 cxd4 4.Qxd4 a6 5.c4 Nc6 6.Qe3 g6 7.Be2 Bg4 8.O-O Bg7
9.Nc3 Rc8 10.b3 b5 11.Rb1 bxc4 12.bxc4 Bxf3 13.Bxf3 Ne5 14.Nd5 Nf6 15.Qa7 Nxd5
16.cxd5 Nxf3+ 17.gxf3 Ra8 18.Qb6 Qd7 19.Qb7 Rc8 20.Bg5 f6 21.Rfc1 Rxc1+ 22.Bxc1 Qxb7
23.Rxb7 Kf7 24.Bf4 Rd8 25.Ra7 f5 26.Rxa6 Bd4 27.exf5 gxf5 28.Be3 Bxe3 29.fxe3 Rb8
30.Kg2 Rb5 31.e4 Kf6 32.Kg3 Rb2 33.Ra8 fxe4 34.fxe4 Ke5 35.Ra7 Kxe4 36.Rxe7+ Kxd5
37.Rxh7  1/2-1/2

[Event "GM Scheveningen"]
[Site "Taiyuan CHN"]
[Date "2006.07.17"]
[Round "7"]
[White "Timofeev,Arty"]
[Black "Ni Hua"]
[Result "1-0"]
[WhiteElo "2657"]
[BlackElo "2607"]

1.e4 e6 2.d4 d5 3.Nd2 c5 4.Ngf3 cxd4 5.Nxd4 Nf6 6.exd5 Qxd5 7.Nb5 Na6 8.Nc3 Qd8
9.a3 Be7 10.Bc4 O-O 11.Qe2 Nc5 12.O-O a6 13.b4 Ncd7 14.Bb2 a5 15.bxa5 Qxa5
16.Nb5 Nb6 17.Bc3 Qa4 18.Bb3 Qh4 19.Nc7 Rxa3 20.g3 Qg4 21.Qe3 Rxa1 22.Rxa1 Nbd7
23.Nxe6 Re8 24.h3 Qf5 25.Qg5 Qxg5 26.Nxg5 Nd5 27.Bxd5 Bxg5 28.Ne4 Be7 29.h4 Nc5
30.Ra8 Kf8 31.Ng5 Bxg5 32.hxg5 Bd7 33.Ra5 b6 34.Ra7 Be6 35.Bxe6 Nxe6 36.f4 Re7
37.Bb4 Nc5 38.Ra8+ Re8 39.Ra6 Rc8 40.Rxb6 Ke8 41.Rb5 Ne6 42.c3 Kd7 43.Rf5 Ke8
44.Kf2 Ra8 45.Rb5 Ra7 46.Kf3 Kd7 47.Rb8 Nd8 48.Bc5 Ra2 49.Bd4 Ne6 50.Be5 Ra1
51.Kg4 g6 52.Rb7+ Ke8 53.Bd6 Rd1 54.Bb4 Rd7 55.Rb8+ Rd8 56.Rxd8+ Nxd8 57.Kf3 Kd7
58.Ke4 Ke6 59.g4 f5+ 60.gxf5+ gxf5+ 61.Kd4 Nc6+ 62.Kc5 Ne7 63.c4 Ng6 64.Bd2 Ne7
65.Bc1 Kd7 66.Bb2 Ke6 67.Be5 Ng6 68.Bd6 Nh4 69.Bb8 Nf3 70.Kc6 Nd4+ 71.Kc7 Ke7
72.Kc8 Ke6 73.Ba7 Nc6 74.Be3 Na5 75.c5 Kd5 76.Kd7 Nc4 77.Bg1 Na5 78.Ke7 Ke4
79.Bh2 Kd5 80.Kf6 Kxc5 81.Kg7  1-0

[Event "GM Scheveningen"]
[Site "Taiyuan CHN"]
[Date "2006.07.19"]
[Round "9"]
[White "Jobava,Ba"]
[Black "Ni Hua"]
[Result "0-1"]
[WhiteElo "2651"]
[BlackElo "2607"]

1.d4 Nf6 2.c4 g6 3.Nc3 d5 4.Bg5 Ne4 5.Bh4 Nxc3 6.bxc3 dxc4 7.e3 Be6 8.Nf3 c6
9.Be2 b5 10.a4 Bg7 11.O-O O-O 12.Ng5 Bd7 13.f4 a5 14.e4 Na6 15.f5 f6 16.Ne6 Bxe6
17.fxe6 Nc7 18.Rb1 f5 19.Qc2 Qd6 20.exf5 Nd5 21.Bf2 Rxf5 22.axb5 cxb5 23.Rxb5 Nxc3
24.Rxf5 Nxe2+ 25.Qxe2 gxf5 26.Qxc4 a4 27.Ra1 a3 28.h3 Bf6 29.Ra2 Kg7 30.Qd3 Ra5
31.Kf1 Kh8 32.Qc4 Ra8 33.Ke2 Rb8 34.Kf3 Rg8 35.d5 Qh2 36.Be1 Be5 37.Qh4 Qg1  0-1

[Event "GM Scheveningen"]
[Site "Taiyuan CHN"]
[Date "2006.07.20"]
[Round "10"]
[White "Ni Hua"]
[Black "Asrian,K"]
[Result "1/2-1/2"]
[WhiteElo "2607"]
[BlackElo "2635"]

1.e4 c6 2.d4 d5 3.Nc3 dxe4 4.Nxe4 Bf5 5.Ng3 Bg6 6.h4 h6 7.Nf3 Nd7 8.h5 Bh7
9.Bd3 Bxd3 10.Qxd3 e6 11.Bf4 Qa5+ 12.Bd2 Qc7 13.O-O-O Ngf6 14.Ne4 O-O-O 15.g3 Be7
16.Kb1 c5 17.Bf4 Qc6 18.Nxf6 Bxf6 19.d5 exd5 20.Qxd5 Ne5 21.Qxc6+ Nxc6 22.c3 Rxd1+
23.Rxd1 Re8 24.Kc2 b6 25.Rd5 Re2+ 26.Rd2 Re6 27.Rd5 Re2+ 28.Rd2 Re6 29.Rd5 Re2+
30.Rd2  1/2-1/2

[Event "GM Scheveningen"]
[Site "Taiyuan CHN"]
[Date "2006.07.23"]
[Round "12"]
[White "Ni Hua"]
[Black "Vescovi,G"]
[Result "1/2-1/2"]
[WhiteElo "2607"]
[BlackElo "2619"]

1.e4 e5 2.Nf3 Nc6 3.d4 exd4 4.Nxd4 Bc5 5.Nxc6 Qf6 6.Qf3 Qxf3 7.gxf3 bxc6
8.Be3 Bb6 9.c4 Bxe3 10.fxe3 Rb8 11.b3 d6 12.Nc3 Nf6 13.O-O-O Nd7 14.Bd3 Nc5
15.Bc2 Be6 16.Ne2 O-O 17.Nd4 Bd7 18.Kd2 a5 19.Rdg1 a4 20.Rb1 axb3 21.Nxb3 Nxb3+
22.Rxb3 Rxb3 23.Bxb3 c5 24.a4 Ra8 25.Ra1 Ra5 26.f4 f6 27.h4 Kf7 28.Ke2 Bc6
29.Bc2 Ra8 30.a5 g6 31.Kf2 Bb7 32.Bd3  1/2-1/2

[Event "1st GMA Cup"]
[Site "Manila PHI"]
[Date "2006.11.17"]
[Round "1"]
[White "Tolentino,R"]
[Black "Ni Hua"]
[Result "1/2-1/2"]
[WhiteElo "2275"]
[BlackElo "2621"]

1.e4 c5 2.Nf3 Nc6 3.Bb5 d6 4.Bxc6+ bxc6 5.O-O Bg4 6.c3 Nf6 7.d3 e6 8.Bg5 Be7
9.Nbd2 O-O 10.Qa4 Nd7 11.Bxe7 Qxe7 12.Qxc6 Nb6 13.Qb5 Rab8 14.Qa6 f5 15.Rfe1 fxe4
16.dxe4 Rf4 17.Re3 Rbf8 18.Rf1 e5 19.Qd3 Be6 20.b3 R8f6 21.c4 Rf8 22.Nb1 Bg4
23.Nfd2 Qf6 24.f3 Bd7 25.Nc3 Rh4 26.Rd1 Rh6 27.Nf1 Qg5 28.Qd2 Qh5 29.Rd3 Rff6
30.Nd5 Nxd5 31.Rxd5 Bc6 32.Rd3 Qf7 33.Qa5 Re6 34.Ne3 Qf4 35.Nf1 Ref6 36.Qc7 Bxe4
37.g3 Qf5 38.fxe4 Qf2+ 39.Kh1 Qe2 40.Qc8+ Kf7 41.Qd7+ Kg6 42.Kg1 Qf2+ 43.Kh1  1/2-1/2

[Event "1st GMA Cup"]
[Site "Manila PHI"]
[Date "2006.11.18"]
[Round "3"]
[White "Makinano,A"]
[Black "Ni Hua"]
[Result "1/2-1/2"]
[WhiteElo "2337"]
[BlackElo "2621"]

1.d4 Nf6 2.Nf3 g6 3.c4 Bg7 4.g3 d5 5.Bg2 O-O 6.O-O c6 7.cxd5 cxd5 8.Nc3 Ne4
9.Nxe4 dxe4 10.Ng5 Qxd4 11.Qxd4 Bxd4 12.Nxe4 Nc6 13.Nc3 Rd8 14.Bf4 Bf5 15.Rfd1 f6
16.Rac1 Rac8 17.h3 e5 18.Bd2 Be6 19.e3 Bc5 20.Be1 Rxd1 21.Rxd1 Kf7 22.Bd5 b6
23.Bxe6+ Kxe6 24.Kf1 f5 25.Ke2 e4 26.Nd5 Bd6 27.Bc3 Rd8 28.Nf6 h6 29.g4 Be5
30.Rxd8 Nxd8 31.Bxe5 Kxe5 32.Ng8 fxg4 33.hxg4 h5 34.Ne7 Kf6 35.Nd5+ Kg5 36.gxh5 gxh5
37.Kf1 Nc6 38.Kg2 Kf5 39.Nc3 Nb4 40.Nb5 Nxa2 41.Nxa7 Ke5 42.Kg3 Kd5 43.Kh4 Nc1
44.Nb5 Nd3 45.Nc3+  1/2-1/2

[Event "1st GMA Cup"]
[Site "Manila PHI"]
[Date "2006.11.20"]
[Round "5"]
[White "De Ramos,J"]
[Black "Ni Hua"]
[Result "0-1"]
[WhiteElo "2211"]
[BlackElo "2621"]

1.c4 e5 2.Nc3 Nf6 3.Nf3 Nc6 4.g3 d5 5.cxd5 Nxd5 6.Bg2 Nb6 7.O-O Be7 8.a3 O-O
9.b4 Be6 10.Rb1 f6 11.d3 Qd7 12.Ne4 Nd5 13.Bb2 Rad8 14.Qc2 a6 15.Rfd1 Bh3
16.Bh1 Bg4 17.Nc5 Bxc5 18.bxc5 Kh8 19.Ba1 Rb8 20.Rb3 Rfd8 21.d4 e4 22.Qxe4 Bf5
23.Qh4 Bc2 24.Rbd3 Bxd3 25.Rxd3 b6 26.Nd2 bxc5 27.dxc5 Qe6 28.Be4 h6 29.Bxd5 Rxd5
30.Bxf6 gxf6 31.Qxh6+ Kg8 32.Rf3 Ne7 33.Rxf6 Qxe2 34.Rg6+ Nxg6 35.Qxg6+ Kf8
36.Qf6+ Ke8 37.Qg6+ Kd7 38.c6+ Ke7 39.Qg7+ Kd6 40.Qg6+ Qe6 41.Ne4+ Ke7 42.Qh7+ Qf7
43.Qh4+ Ke6 44.Qh6+ Ke5 45.Ng5 Qf5 46.Kg2 Rd6 47.Qg7+ Kd5 48.Qxc7 Qxg5 49.Qxb8 Kxc6
50.Qc8+ Kd5 51.Qb7+ Ke6 52.Qc8+ Kf7 53.h4 Qd5+ 54.Kh2 Qe6 55.Qc7+ Rd7 56.Qc5 Qd5
57.Qe3 Qf5 58.Qb3+ Kg7 59.Qc3+ Kh7 60.Qe3 a5 61.a4 Rf7 62.Kg1 Qf3 63.Qd2 Qf5
64.Qe3 Qd5 65.Qe2 Rd7 66.Kh2 Qf5 67.Qe3 Rb7 68.Qe2 Kg7 69.Qe3 Rf7 70.Kg1 Kg6
71.Qd4 Re7 72.Kh2 Re2 73.Qb6+ Kh5 74.Kg1 Kg4 75.Kf1 Re6 76.Qb3 Kh3  0-1

[Event "1st GMA Cup"]
[Site "Manila PHI"]
[Date "2006.11.21"]
[Round "7"]
[White "Dableo,R"]
[Black "Ni Hua"]
[Result "1/2-1/2"]
[WhiteElo "2425"]
[BlackElo "2621"]

1.Nf3 Nf6 2.g3 g6 3.Bg2 Bg7 4.O-O O-O 5.d3 d5 6.a4 c5 7.Nbd2 Nc6 8.e4 e5
9.a5 d4 10.Nc4 Qc7 11.Bd2 Be6 12.Ng5 Bxc4 13.dxc4 h6 14.Nh3 Rad8 15.Ra3 Nb4
16.f4 d3 17.cxd3 Nxd3 18.Qe2 Nb4 19.fxe5 Qxe5 20.Bc3 Qe7 21.e5 Nd7 22.e6 Qxe6
23.Qxe6 fxe6 24.Nf4  1/2-1/2

[Event "1st GMA Cup"]
[Site "Manila PHI"]
[Date "2006.11.23"]
[Round "9"]
[White "Zhou Weiqi"]
[Black "Ni Hua"]
[Result "0-1"]
[WhiteElo "2435"]
[BlackElo "2621"]

1.e4 c5 2.Nf3 e6 3.c4 Nc6 4.Nc3 Nf6 5.Be2 Qb6 6.O-O Be7 7.d3 d6 8.a3 O-O
9.b4 cxb4 10.axb4 Nxb4 11.Be3 Qd8 12.Bxa7 Nc6 13.Be3 Rxa1 14.Qxa1 Ng4 15.Bc1 f5
16.exf5 Rxf5 17.d4 Qa5 18.Bd2 Qxa1 19.Rxa1 Ra5 20.Rb1 Ra8 21.h3 Nf6 22.Bd3 h6
23.Re1 Kf7 24.Ne4 Ra3 25.Bb1 Ra4 26.Nxf6 Bxf6 27.d5 Na5 28.dxe6+ Bxe6 29.Bxa5 Rxa5
30.Bg6+ Kxg6 31.Rxe6 Ra1+ 32.Kh2 Ra6 33.g4 Kf7 34.Re4 Ra4 35.Re3 Rxc4 36.Rb3 Rc7
37.Kg2 Ke6 38.Rb5 Kd7 39.Rb1 Kc6  0-1

[Event "Masters"]
[Site "Singapore SIN"]
[Date "2006.12.29"]
[Round "8"]
[White "Bui Vinh"]
[Black "Ni Hua"]
[Result "0-1"]
[WhiteElo "2485"]
[BlackElo "2621"]

1.d4 Nf6 2.Nf3 g6 3.c4 Bg7 4.Nc3 d5 5.Bg5 Ne4 6.cxd5 Nxg5 7.Nxg5 e6 8.Nf3 exd5
9.e3 O-O 10.Be2 c6 11.O-O Qd6 12.a3 a5 13.Na4 Nd7 14.Rc1 Re8 15.Re1 b6 16.Qc2 Bb7
17.Bd3 Rac8 18.Qb3 Rb8 19.e4 dxe4 20.Ng5 Qd5 21.Qxd5 cxd5 22.Bb5 Red8 23.Rc7 Bc8
24.Nc3 Rb7 25.Nxd5 Rxc7 26.Nxc7 Bxd4 27.Nxe4 Nf6 28.Nxf6+ Bxf6 29.b3 Bb7
30.Bc4 Kf8 31.a4 Bc3 32.Rc1 Bb2 33.Re1 Bc3 34.Rc1 Be5 35.Nb5 Rd2 36.f3 h5
37.Re1 f6 38.Rc1 h4 39.h3 Kg7 40.Re1 Kh6 41.Re2 Rd1+ 42.Kf2 Kg5 43.Rc2 Rd8
44.Nc3 f5 45.Ne2 Bd6 46.Nc3 Bc5+ 47.Ke1 Bb4 48.Kf2 Kf6 49.Kf1 Kg5 50.Kf2 Kf4  0-1